000 00702nam a2200217 i 4500
001 37697
003 ES-MaACL
005 20250712031708.0
007 t|
008 030221s1956 sp ||||1| spa d
100 0 _aBuzzati, Dino,
_d1906-1972
_933002
245 1 3 _aEl perro que ha visto a Dios /
_cDino Buzzati ; [traducción de Fernando Gutiérrez].
250 _a[1ª ed.].
260 _aBarcelona :
_bJosé Janés,
_c[1956] (
_fMiguza)
300 _a322 p. ;
_c17 cm.
490 1 _aEl club de los lectores
700 1 _aGutiérrez, Fernando,
_d1911-1984
_9156260
830 0 _aEl club de los lectores
_9181015
852 _aES-MaACL
_jC-11078
_bR.39077
999 _c37697
_d37697